000 01475cam a2200325 a 4500
001 1632675
003 NUST-PNEC
005 20170116180715.0
008 960122s1996 nyua bf 001 0 eng
010 _a 96000184
020 _a0070287821
040 _aDLC
_cPNEC
_dDLC
050 0 0 _aTA216
_b.H53 1996
082 0 0 _a620 HIC
100 1 _aHicks, Tyler Gregory,
_d1921-
245 1 0 _aStandard handbook of consulting engineering practice :
_bstarting, staffing, expanding, and prospering in your own consulting business /
_cTyler G. Hicks, Jerome F. Mueller.
250 _a2nd ed.
260 _aNew York :
_bMcGraw-Hill,
_cc1996.
300 _a1 v. (various pagings) :
_bill. ;
_c24 cm.
500 _ahttp://www.amazon.com/Standard-Handbook-Consulting-Engineering-Practice/dp/0070287821/ref=sr_1_1?s=books&ie=UTF8&qid=1413451195&sr=1-1&keywords=0070287821
504 _aIncludes bibliographical references and index.
650 0 _aConsulting engineers
_xEE
_xHandbooks, manuals, etc.
650 0 _aEngineering firms
_xManagement
_xHandbooks, manuals, etc.
700 1 _aMueller, Jerome F.
856 4 2 _3Publisher description
_uhttp://www.loc.gov/catdir/description/mh022/96000184.html
856 4 1 _3Table of contents
_uhttp://www.loc.gov/catdir/toc/mh022/96000184.html
906 _a7
_bcbc
_corignew
_d1
_eocip
_f19
_gy-gencatlg
942 _2ddc
_cBK
999 _c61110
_d61110